[Event "Bundesliga 1516"]
[Site "Germany"]
[Date "2016.02.05"]
[Round "7.2"]
[White "McShane, Luke J"]
[Black "Van Foreest, Jorden"]
[Result "1-0"]
[WhiteElo "2674"]
[BlackElo "2519"]
[Annotator "Meyer,CD"]
[PlyCount "85"]
[EventDate "2015.09.18"]
[EventType "team-tourn"]
[EventRounds "15"]
[EventCountry "GER"]
[SourceTitle "CBM 171"]
[Source "ChessBase"]
[SourceDate "2016.03.14"]
[SourceVersion "2"]
[SourceVersionDate "2016.03.14"]
[SourceQuality "1"]
[WhiteTeam "Werder Bremen"]
[BlackTeam "Emsdetten Turm"]
[WhiteTeamCountry "GER"]
[BlackTeamCountry "GER"]

{MIT RUHIGER HAND} 1. e4 c5 2. Nf3 e6 3. g3 {Gegen das junge holländische
Nachwuchstalent IM Jorden van Foreest (geb. 30.04.99) wählt Werders
langjähriger Spitzenspieler einen betont ruhigen Aufbau, der nicht ohne Gift
ist, um so seine große Erfahrung in die Waagschale zu werfen.} d5 ({Weniger
verpflichtend ist} 3... Nc6 {, wonach ganz andere Stellungsbilder erreicht
werden können, z.B.} 4. Bg2 Nf6 (4... d5) 5. Qe2 (5. d3) (5. Nc3)) 4. exd5
exd5 ({Während Schwarz mit dem zumeist gewählten Textzug freies Figurenspiel
anstrebt, muss er dafür in der Folge oft einen isolierten d-Bauern in Kauf
nehmen. Die Alternative} 4... Qxd5 {verspricht dem Weißen nach z.B.} 5. Nc3
Qd8 6. d4 Nf6 7. Be3 cxd4 8. Qxd4 Qxd4 9. Nxd4 {etwas Vorteil, die Stellung
wirft trotz des frühen Damentausches noch interessante Fragen auf:} a6 10. Bg2
$14 (10. f4 $14) 10... Ng4 (10... Nbd7 11. h3 (11. Nb3)) 11. Bf4 Bc5 (11... e5
12. Nd5) 12. h3 Bxd4 13. hxg4) 5. d4 Nc6 ({Die raschere Entwicklung auf der
Königsseite mittels} 5... Nf6 {ist wieder ein anderes Thema, indes wirkt der
schwarze Aufbau hier etwas solider, z.B.:} 6. Bg2 Be7 7. O-O O-O {und nun:} 8.
Be3 (8. dxc5 Bxc5 9. Nc3 (9. Bg5 Be6 (9... Nc6) 10. Nc3 Nc6 11. Rb1 d4 12. Bxf6
Qxf6 (12... gxf6) 13. Ne4 Qe7 14. Nxc5 Qxc5 15. b4 $13 {/=, remis/31, McShane,
L (2671)-Nakamura,H (2758) London 2011}) 9... Nc6 10. a3 (10. Bg5 d4 11. Ne4
Be7) 10... Re8 (10... h6 11. b4 Be7 12. Bb2) 11. b4 Bb6 12. Bg5 d4 13. Bxf6
Qxf6 14. Nd5 Qd8 15. Nxb6 (15. Re1 $5 Rxe1+ 16. Nxe1 Be6 17. Qf3 Rc8 18. Qe4)
15... Qxb6 16. b5 Qxb5 17. Nxd4 {- remis, Zvjaginsev,V (2659)-Rublevsky,S 
(2698) St Petersburg 2014}) 8... cxd4 9. Nxd4 Nc6 10. h3 Re8 11. Re1 Bf8 (11...
Bd7) (11... h6) 12. c3 Bd7 13. Nd2 Rc8 $13 {/=, 1:0/38, Carlsen,M (2881)-El
Debs,F (2511) Caxias do Sul (rap) 2014}) 6. Bg2 Bg4 $6 {Obwohl dieser
ambitionierte Fesselungszug am häufigsten anzutreffen ist, mag er zweifelhaft
sein.} ({Vorrang hat meines Erachtens die Entwicklung des Königsflügels, z.B.
} 6... Nf6 $5 7. O-O Be7 8. Be3 (8. dxc5 Bxc5 9. Re1+ Be6 10. Nbd2 (10. Ng5 $6
O-O $1) 10... Qb6 11. Re2 Ne4 $1 $13 {/=}) 8... cxd4 9. Nxd4 Bg4 $5 (9... O-O
10. h3 {wie vorher gezeigt}) 10. Qd3 Qd7 11. Nd2 O-O $13 {/=, remis/47,
Carlsen,M (2863)-Anand,V (2792) Sochi 2014}) 7. O-O Nxd4 ({Darauf gerät der
unterentwickelte schwarze Königsflügel unter Druck. Allerdings erscheinen
auch die folgenden Alternativen bereits günstig für Weiß: I} 7... cxd4 {
und über kurz oder lang erobert Weiß den Bauern in etwas besserer Stellung
zurück, z.B.:} 8. h3 (8. Nbd2 Nf6 9. Re1+ (9. Nb3 Bxf3 10. Bxf3 Qb6 11. Bg5
Be7 12. Bxf6 Bxf6 13. Re1+ Ne5 14. Bxd5 O-O $13 {/=, remis/37, McShane,L (2670)
-Perunovic,M (2620) Hungary 2015}) 9... Be7 10. h3 Bh5 11. Nb3 O-O 12. Nbxd4
Nxd4 (12... Re8 13. Be3 Ne4) 13. Qxd4 $14 Rc8 14. Qxa7 (14. Be3 $143 Bc5 $13 {
/=, 1:0/40, Adams,M (2753)-Vachier Lagrave,M (2742) Bilbao 2013}) 14... Rxc2 (
14... Bxf3 15. Bxf3 Qd7 16. Be3 Rxc2 17. Kg2) 15. Be3 Rxb2 16. Rab1 $14) 8...
Bxf3 (8... Bh5 9. g4 Bg6 10. Nxd4 $14) 9. Qxf3 Nf6 10. Bg5 Be7 11. Bxf6 Bxf6
12. Re1+ $5 (12. Qxd5 $143 O-O 13. Nd2 Qxd5 14. Bxd5 Rac8) 12... Ne7 (12... Ne5
$2 13. Qa3 $16 {1:0/40, Morozevich,A (2711)-Smirin,I (2655) Poikovsky 2015})
13. Qxd5 Qxd5 14. Bxd5 d3 15. Nc3 $5 dxc2 (15... O-O-O 16. Bxf7 Bxc3 17. bxc3
d2 18. Red1 $14) (15... d2 16. Re3 O-O 17. Bg2 Rfd8 (17... Rac8 18. Rd1 Rfd8
19. Re2 Bxc3 20. bxc3 Rc7 21. Rexd2 Rxd2 22. Rxd2) 18. Rd1 Rac8 19. Re2 $14)
16. Rac1 O-O 17. Rxc2 Nxd5 (17... Rab8) 18. Nxd5 Bd8 19. a4 g6 20. b4 Kg7 21.
Kg2 $14 {- remis/76, Morozevich,A (2758)-Vitiugov,N (2691) Eilat 2012}) ({II} 
7... Be7 8. dxc5 Bxc5 (8... Nf6 9. Nc3 O-O 10. h3 Be6 11. Be3 $14) 9. Qe1+ Qe7
(9... Be7 10. Ne5 Be6 11. c4 Nf6 $6 (11... Rc8 $142 12. cxd5 Bxd5 13. Bxd5 Qxd5
14. Bf4 Nf6 15. Nc3 Qe6 16. Nxc6 Rxc6 17. Qd2 Qd7 18. Qxd7+ Kxd7 19. Rad1+ Kc8)
12. Nc3 Rc8 (12... Nxe5 13. Qxe5 dxc4 14. Rd1 Qc8 15. Qb5+ Bd7 16. Qxb7 $16)
13. cxd5 Nxd5 14. Bh6 $2 (14. Bxd5 $142 Bxd5 15. Bh6 $1 O-O 16. Bxg7 Kxg7 17.
Nxd5 Qxd5 18. Nxc6 $16) 14... Nxe5 (14... Bf6) 15. Rd1 $6 (15. Nxd5 $142 Bf6
16. Bf4 Nd3 17. Qe2 Nxf4 18. Nxf4 $16) 15... gxh6 (15... O-O 16. Nxd5 Bd6) 16.
Qxe5 Bf6 17. Qe2 Bxc3 18. Bxd5 $14 {- remis/60, Carlsen,M (2776)-Radjabov,T 
(2761) Wijk aan Zee 2009}) 10. Nc3 Nf6 11. Qxe7+ Bxe7 12. Re1 O-O (12... O-O-O
13. Ne5 $14) 13. Ne5 $14) ({III} 7... Nf6 8. Re1+ Be7 9. dxc5 $1 O-O 10. h3 (
10. Be3 $143 d4 11. Bg5 Bxc5 $11 {, 1:0/54, Kosintseva,T (2483)-Gomes,M (2354)
Sochi 2015}) 10... Bh5 (10... Bxf3 11. Qxf3 Bxc5 12. Nc3 d4 13. Ne4 Nxe4 14.
Rxe4 $14) 11. g4 Bg6 12. Be3 $14) 8. Qe1+ $1 Be6 ({Oder: I} 8... Be7 9. Nxd4
cxd4 10. Qe5 Nf6 11. Qxd4 O-O 12. Nc3 Be6 13. Be3 $14 {, 1:0/43, Kuzubov,Y 
(2627)-Milliet,S (2369) Reykjavik 2011}) ({II} 8... Ne6 9. Ne5 Bf5 10. c4 Nf6
$6 (10... Be7 $142 11. Bxd5 Qb6 12. Nc3 $14) 11. cxd5 Nxd5 12. Nc3 (12. g4 $5)
12... Nxc3 13. Bxb7 Bd6 14. Bc6+ Ke7 (14... Kf8 $142 15. bxc3 Rc8 16. Bg2) 15.
bxc3 Bh3 16. Bd5 $1 $16 Qc7 $2 17. Rb1 $18 Bxe5 18. Rb7 Bxf1 19. Qxe5 Qxb7 20.
Bg5+ {, 1:0, Rozentalis,E (2595)-Cramling,D (2409) Stockholm 2009}) 9. Nxd4
cxd4 10. Nd2 Bc5 11. Nb3 Bb6 12. a4 $1 a5 (12... a6 $6 13. Qb4 $1) 13. Qe5 $1 (
13. f4 $143 Kf8 14. f5 Bd7 15. Kh1 Nf6 16. Qd1 Ne4 (16... h6 $142 17. Nxd4 Kg8
$13 {/=}) 17. Nxd4 $14 {, 1:0/53, Glek,I (2620)-Portisch,L (2630) Hockenheim
1997}) 13... Qf6 14. Bf4 {Vielleicht doch nur zweite Wahl.} ({Beachtenswerte
Alternativen: I} 14. Qd6 $5 Qd8 (14... Ba7 15. Qc7) 15. Qxd8+ Rxd8 16. Rd1 $14)
({II Beim Kiebitzen vor Ort hatte ich} 14. Qe2 $5 {favorisiert:} Ne7 15. Bg5 (
15. Bf4 O-O 16. Be5 {ist Zugumstellung zur Partie}) 15... Qxg5 16. Qb5+ Nc6 17.
Qxb6 $14) 14... Ne7 15. Qe2 O-O 16. Be5 (16. Qb5 $143 $6 Bf5 17. Be5 Qxe5 18.
Qxb6 Nc6 19. Rfe1 Qf6 20. Rac1 Rfd8 21. Re2 Rac8) 16... d3 $1 (16... Qg5 $143
17. Bxd4 Bxd4 18. Nxd4 $16) 17. cxd3 Qg6 18. Bd4 $6 {Der Tausch der
schwarzfeldrigen Läufer scheint mir nicht das gegebene Konzept zu sein.} ({
McShane schifft zwar weiter im ruhigen positionellen Gewässer und vermeidet
taktische Untiefen, aber die folgenden Alternativen verdienen den Vorzug: I} 
18. d4 $5 {, z.B.} Bf5 $5 19. Bxg7 (19. Rfe1 Nc6 20. Bxd5 Rad8 21. Bg2 Nb4 $13)
19... Rfe8 20. Be5 Nc6 (20... Bd3 $143 21. Qd2 Bxf1 22. Bxf1 Nc6 23. Bf4) 21.
Qd2 Nxe5 22. dxe5 Rxe5 $13 {/=}) ({II} 18. Bc3 Nc6 19. d4 Bg4 20. Qd2 (20. Qb5
$2 Na7 $1 21. Qxd5 Be6) 20... Rfd8 $13 {/=}) 18... Bxd4 19. Nxd4 Nf5 $2 {
Beim Lavieren um den Isolani gerät Schwarz nach diesem misslungenen
Springerzug unter Druck.} ({Stark war dagegen} 19... Nc6 $142 $1 {, z.B.} 20.
Nxe6 (20. Nxc6 bxc6 21. Rfc1 Bd7 22. Rc5 Qd6 23. d4 Rfb8 $15) 20... fxe6 21.
Qe3 Qf6 22. Rac1 Ra6 23. Bh3 Nd4 24. f4 Rb6 25. Rf2 Rb4 $13 {und der
Nachziehende, der sich auf den dunklen Feldern am Damenflügel eingenistet hat,
steht keinesfalls schlechter.}) 20. Qe5 $1 Rad8 $6 (20... Nxd4 $142 21. Qxd4
$14) 21. Rfc1 $6 ({Druckvoller war} 21. Ne2 $142 $1 {/\Nf4+/-}) 21... Rfe8 (
21... Nxd4 $142 22. Qxd4 $14) 22. Rc7 $5 (22. Nb5 $5 Bd7 23. Qc7 b6 24. Nc3 $14
) 22... Bc8 $4 {Mit dieser Panikreaktion in unbequemer Lage übersieht der
Verteidiger die Schwäche seiner Grundreihe und gerät bereits vorentscheidend
ins Hintertreffen. Alternativen:} ({I} 22... h6 $142 23. Re1 Nd6 24. Qf4 Bf5 $5
$14) ({II} 22... Nxd4 $142 23. Qxd4 Rb8 24. Qb6 Qxd3 25. Qxa5 Qb3 $14) ({III} 
22... Nd6 $2 23. Nxe6 $1 Qxe6 (23... Rxe6 24. Qc3 $16 (24. Qxd5 $16)) 24. Qxe6
fxe6 25. Bh3 Kf8 (25... e5 26. Rc5) 26. Re1 e5 27. Rc5 $16) 23. Rxc8 $1 Rxc8
24. Qxf5 {(+-) Natürlich hat McShane damit eine Gewinnstellung, die er nun
seelenruhig realisiert.} Qxf5 25. Nxf5 Rc2 26. Bxd5 Rxb2 27. Rc1 g6 28. Ne3 ({
Oder auch} 28. Nh6+ Kg7 29. Nxf7 Ree2 (29... Re7 30. Nd6) 30. Rc7 Rxf2 31. Ng5+
Kh6 32. h4 {usw.}) 28... Re7 29. Rc5 b6 30. Rc8+ Kg7 31. Bc4 h5 32. h4 Rb4 33.
Bb5 Re6 34. Rc2 Kh6 35. Kg2 Rd6 36. Kf3 f5 37. Ng2 Rxb5 38. axb5 Rxd3+ 39. Ne3
Rb3 40. Rc7 Rxb5 41. Nc2 a4 42. Nd4 {Knüpft ein Netz um den gegnerischen
Monarchen.} Re5 43. Kg2 (43. Kg2 Re8 44. Rb7 $18 Ra8 (44... a3 45. Nf3 a2 46.
Ng5) 45. Ne6 a3 46. Ng5) 1-0

[Event "Bundesliga 0809"]
[Site "Germany"]
[Date "2008.12.13"]
[Round "8.1"]
[White "McShane, Luke J"]
[Black "Volokitin, Andrei"]
[Result "1-0"]
[WhiteElo "2596"]
[BlackElo "2659"]
[Annotator "Meyer,CD"]
[PlyCount "76"]
[EventDate "2008.10.03"]
[EventType "team-tourn"]
[EventRounds "15"]
[EventCountry "GER"]
[SourceTitle "CBM 127 Extra"]
[Source "ChessBase"]
[SourceDate "2009.01.08"]
[SourceVersion "2"]
[SourceVersionDate "2009.01.28"]
[SourceQuality "1"]
[WhiteTeam "Werder Bremen"]
[BlackTeam "Tegernsee"]
[WhiteTeamCountry "GER"]
[BlackTeamCountry "GER"]

1. e4 c5 2. Nf3 e6 3. d3 Nc6 4. g3 g6 5. Bg5 {Ein von Oleg Romanischin oft
erprobter Zug, um unorthodoxe Stellungsbilder zu schaffen.} Qb6 $5 (5... f6 6.
Be3 {/Bd2} d5 {(Svidler) , 5...Qc7 und 5...Be7 sind die Alternativen.}) 6. Nbd2
$5 Qxb2 ({Ruhiger und sicherer ist} 6... d5 {, doch Andrei Volokitin, als
15jähriger 2001 zum Großmeister ernannt und Meister der Ukraine 2004, der
übrigens ebenso wie sein alter Vorkämpfer Romanischin aus Lwow stammt, nimmt
den Fehdehandschuh auf und riskiert damit zweischneidige Verwicklungen - sehr
zur Freude seines Gegners.}) 7. Nc4 Qg7 (7... Qc3+ 8. Bd2 Qg7 9. Bg2 Be7 10.
O-O d6 11. c3 $44 {Ehlwest - Zhang Zhong, Lee Cup 1996, 1:0/27}) 8. Rb1 d5 $5
$146 (8... f6 9. Bd2 Qe7 10. Bg2 d5 11. Ne3 d4 12. Nc4 e5 $15 {0-1 Bojkov,D 
(2498)-Berg,E (2592)/Kalamaria 2008/CBM 126 Extra (32)}) 9. exd5 exd5 10. Qe2+
Be7 ({Beachtlich ist} 10... Be6 $5 {, z.B.} 11. Nce5 (11. Bh3 $2 dxc4 12. O-O
cxd3 13. cxd3 Be7 14. Bxe6 fxe6 15. Rxb7 (15. Qxe6 Qf7) 15... Nd8 16. Rc7 Nf6)
11... Nxe5 12. Nxe5 Bd6 13. d4 $5 cxd4 14. Bf4 $44 {mit reizvollen, schwer
einzuschätzenden Komplikationen, die m.E. etwas günstiger für Schwarz sind:}
Nf6 (14... Ne7 $143 15. Nxg6 Nxg6 16. Bxd6 O-O-O 17. Bc5 Rhe8 18. Kd1) 15. Nxg6
Bxf4 16. Nxh8 (16. Nxf4 O-O $15) 16... d3 17. Qxd3 (17. cxd3 $2 Ne4 $3 $19 18.
Qb2 Bd2+ 19. Ke2 Qg4+ 20. f3 Qg5) 17... Bd6 18. Bg2 Qxh8 19. O-O (19. Rxb7 $6
Nd7 20. O-O Nc5 21. Qb5+ Kf8 22. Rc7 Ne4 23. Qc6 Kg7) 19... b6 20. c4 Kf8 21.
cxd5 Bd7 $15) 11. Nd6+ Kf8 12. Nxc8 Bxg5 ({Nach} 12... Rxc8 $6 13. Bh3 Re8 14.
Bd7 $14 {hätte sich Weiß elegant aus der Affäre gezogen.}) 13. Bh3 Qc3+ $2 ({
Mit} 13... b6 $142 $5 {hätte Schwarz die kommenden Probleme im Verbund mit dem
feindlichen Turmeinfall auf b7 vermieden:} 14. O-O (14. Nxg5 Nd4 15. Qd2 h6 16.
Qf4 Qf6 $15) 14... Nd4 (14... Qf6 15. Bd7 Kg7 16. h4 Bh6 17. Rfe1) 15. Nxd4
Qxd4 16. Nd6 Bf6 (16... Nf6 $4 17. Nb5 Qa4 18. Qe5 $18) 17. Rfe1 $44) 14. Kf1
$14 Nd4 (14... Bf6 $143 15. Rxb7 Nge7 16. Nxe7 Re8 17. Kg2 Rxe7 18. Rxe7 Nxe7
19. Rb1 Kg7 20. Rb7 $16) 15. Nxd4 $6 (15. Qe5 $142 $1 {war genauer:} Bf6 (15...
Qxc2 $4 16. Nxg5) 16. Qxd5 $14 {. Nun jedoch sind die Chancen wieder etwa
gleich.}) 15... cxd4 16. Rxb7 Qc6 $6 (16... Rxc8 $142 17. Qg4 (17. Bxc8 Qxc8
18. Rxa7 Qb8 19. Rd7 Bd8 (19... Ne7 20. Kg2 Ke8 21. Qg4 f5 22. Rxe7+ Bxe7 23.
Qxd4 Kf7 24. Qxd5+ Kg7) 20. Rxd5 Qa8 21. Qf3 Ne7 22. Rf5 Qxa2 23. Rc5 Bb6 24.
Rc4 Kg7 $15) 17... Rc7 18. Rb8+ Kg7 19. Qxg5 Ne7 20. Rxh8 Kxh8 21. Qe5+ Kg8 22.
Kg2 $11) 17. Rxa7 Rxc8 18. Bxc8 Qxc8 19. Kg2 $14 Qb8 $5 ({Oder auch} 19... Kg7
$5 {, z.B.} 20. Rb1 Nh6 $1 21. Qe5+ (21. Rbb7 Re8 22. Qf3 Qe6 23. Rd7 Re7 24.
Rxe7 Bxe7 25. Ra5 Nf5 26. Qxd5 (26. Rxd5 $6 Qc8) 26... Nh4+ $1 27. Kf1 (27.
gxh4 Qg4+ $11 {Dauerschach}) 27... Qh3+ 28. Ke2 (28. Kg1 $4 Qg4 $1) 28... Nf5
$132 {=}) 21... Bf6 22. Qxd5 Rd8 (22... Re8 $2 23. Rbb7) 23. Qc4 Qxc4 24. dxc4
d3 25. cxd3 Rxd3 26. f3 Rc3 27. a4 Rxc4 28. a5 Ra4 29. a6 Bd4 $11) 20. Rd7 Kg7
$6 ({Genauer war} 20... Qb5 $1 {, z.B.} 21. Qe5 (21. Ra7 Qb8 22. Rd7 Qb5 $11)
21... Qxd7 22. Qxh8 Bf6 23. Qxh7 Qb7 24. Qh3 (24. Re1 Qb2 25. Re2 Qxa2 $11)
24... Qc7 25. Rc1 Bg5 26. Re1 (26. f4 Be7 {/\Ba3}) 26... Qxc2 27. Qg4 Bf6 28.
Qe2 Qa4 $13 {/=}) 21. Qe6 $1 Ne7 $6 ({Wie groß die Ressourcen von Schwarz
gewesen sind, wurde mehrfach aufgezeigt, doch nun gerät er in eine fatale
Passivität. Nach} 21... Nh6 $142 {indes bliebe die Chose kompliziert, z.B.} 22.
Qxd5 Bf6 23. Re1 $14 Qa8 $5 (23... Rc8 $5)) 22. Rxe7 Bxe7 23. Qxe7 Rc8 ({
Oder z.B.} 23... Re8 24. Qc5 Qb2 25. Qxd5 (25. Kf3 $5) 25... Re2 26. Qb3 (26.
a4 Rxc2 $132) 26... Qxb3 27. axb3 Rxc2 28. Rb1 $16 Rc5 29. b4 Rb5 30. Kf3 f5
31. Ke2 Kf6 32. Kd2 Ke6 33. Kc2) 24. Re1 $16 Rxc2 25. a3 $6 ({Eine attraktive
und vermutlich stärkere Alternative bot das Schwerfigurenendspiel nach} 25. Re6
$5 Rxa2 {und z.B.} 26. Rd6 Ra8 27. Qe5+ Kg8 28. Qxd5 Qe8 29. Rd7 $16) 25... Rc6
26. Re2 Ra6 {Begleitet von einem Remisangebot in der jetzt beiderseits
beginnenden Zeitnot.} 27. h4 h5 28. Qc5 ({Einmal mehr ist es schwer, hier die
richtige Entscheidung zu treffen, zumal bei knapper Bedenkzeit. Die
Alternative bestand in} 28. a4 {und nun z.B.:} Rxa4 $1 (28... Qd6 $2 29. Qxd6
$1 Rxd6 30. Rb2 Kf6 31. a5 Ke5 32. f4+ (32. Rb6 $2 Rxb6 33. axb6 Kd6 $11) 32...
Ke6 33. Re2+ Kd7 34. f5 Ra6 35. Ra2 $16 {/\Kf3-f4-g5, und Weiß mag um die
entscheidende Nuance günstiger stehen als wie folgt in der Partie}) (28... Ra7
$2 29. Qa3 Qf8 30. Qb3 $1 {Mit den Damen auf dem Brett ist diese Stellung
sicherlich nachteiliger für Schwarz.} Ra5 31. Ra2 Qc8 32. Qb6 Qc3 33. Re2 $16 {
-> und Weiß schwenkt seine Schwerfiguren zum Königsangriff}) 29. Re6 Ra7 30.
Qf6+ Kh7 31. Rd6 Qf8 32. Rxd5 Qa8 33. Qf3 Kg7 34. Rxd4 Qxf3+ 35. Kxf3 $14 {
Dieses "4:3-Turmendspiel" mit dem freien d-Bauern, obwohl nicht einfach zu
verteidigen, sollte remis sein. Siehe hierzu Ghitescu-Rajkovic, Skopje 1984,
Beispiel 6.138 in "Fundamental Chess Endings" von Karsten Müller und Frank
Lamprecht.}) 28... Qb6 $1 29. Qxb6 Rxb6 30. Ra2 {Klar, Türme gehören hinter
Freibauern, allerdings sollte Schwarz bei der gegebenen Rollenverteilung den
passiven Part akzeptieren und und sich ein Bollwerk am Königsflügel schaffen.}
Rb3 $2 $138 ({Kann Weiß hier gewinnen, indem er Schwarz durch wiederholten
Zugzwang zurückdrängt? Nein, die vorliegende Stellung ist höchstwahrscheinlich
remis, sogar noch nach der folgenden Ungenauigkeit! Der Textzug jedoch führt
den Turm auf Abwege, während} 30... Kf6 $142 {eine solide Verteidigung
eingenommen hätte, z.B.:} 31. a4 Ke5 32. a5 Ra6 33. Ra4 (33. Kf3 Rf6+ $1 34.
Ke2 Ra6) (33. Kh3 {Karsten Müller} f6 $5 34. Ra4 (34. g4 Kf4 35. gxh5 gxh5 36.
Kg2 Kg4 37. Ra4 Kf5 38. Kf3 Ke5 39. Ra2 Kf5 $11) 34... g5 $1 35. g4 (35. f3 Kf5
) 35... hxg4+ 36. Kxg4 gxh4 37. Kxh4 Kf5 38. Kg3 (38. Kh5 Ra8 39. Kh6 Ra6 40.
Kg7 Ra7+ 41. Kf8 Ke6 42. a6 f5 $11) 38... Kg5 $11) 33... f6 34. Kf3 g5 $1 {
am überzeugendsten} (34... Kf5 $5 {funktioniert zwar auch, kommt aber einer
Gratwanderung gleich:} 35. g4+ hxg4+ (35... Ke5 $2 36. Ra1 f5 37. g5 $1 Kd6 38.
Kf4 Ke6 39. Ra4 Kd6 40. Rb4 $1 Rxa5 (40... Kc5 41. Rb6 Rxb6 42. axb6 Kxb6 43.
Ke5 {-f6-xg6+-}) 41. Rb6+ Ke7 42. Rxg6 $18) 36. Kg3 Ke5 (36... g5 $2 37. h5 Ke6
38. Kxg4 Kf7 39. Rb4 $1 Rxa5 40. Rb7+ Ke6 41. Rb6+ Ke5 (41... Kf7 42. Kf5 $18)
42. Rb8 $1 Ra1 (42... Ke6 43. h6 Ra7 44. Re8+ Kf7 45. h7 $18) 43. Re8+ Kd6 44.
Kf5 $18) 37. Kxg4 Kd6 38. f4 Ke7 39. f5 Kf7 40. fxg6+ Kxg6 41. Ra1 (41. h5+ Kh6
42. Kf5 Kxh5 43. Rxd4 Rxa5 44. Kxf6 Ra6+ $8 {!=} (44... Rb5 $2 45. Ke6 $18 Rb6+
46. Kxd5 Rb8 47. Ke6 $8 {! Tablebases})) 41... Kh6 42. Kf5 Kh5 43. Kf4 (43. Ra4
Kxh4 44. Rxd4+ Kg3 45. Rxd5 Kf3 $11) 43... Kg6 44. Ra4 Kh5 $11) 35. g4 (35.
hxg5 fxg5 36. Kg2 g4 37. f4+ Kf5 $11) 35... hxg4+ 36. Kxg4 gxh4 37. Kxh4 (37.
f4+ Ke6 38. Kxh4 Kf5 39. Kg3 Kg6 40. Kg4 f5+ $11) 37... Kf4 (37... Kf5 38. Kg3
Kg5 39. Kf3 Kf5 $11) 38. Kh5 Kf5 $11 39. f3 Ra7 40. Kh6 Ra6 41. Kg7 Ra7+ 42.
Kf8 Kf4) 31. a4 Rxd3 $2 $138 ({Schlägt konsequent den Verlustkurs ein, indes
wäre ein besonnener Rückzug immer noch ausreichend gewesen. I Zu spät kommt
jetzt} 31... Kf6 $2 {, weil der schwarze Turm den a-Bauern nach a6 vorlassen
muß und als Blockeur auf a7 zu passiv steht. Man sieht hier deutlich den
Unterschied zur Turmblockade auf a6, welche gleichzeitig die vitale 6.Reihe
absichert.} 32. a5 Rb7 33. a6 Ra7 34. Ra5 (34. Kf3) 34... Ke5 (34... Ke6 35.
Kf3 Kd6 36. Kf4 Kc6 37. Ke5 $18) 35. Kf3 f6 36. g4 f5 (36... hxg4+ 37. Kxg4 Ke6
38. f4 {/\f5+-}) 37. gxh5 gxh5 38. Ra1 Ke6 39. Kf4 Kf6 40. f3 Ke6 41. Kg5 $18)
({II} 31... Rb6 $8 {! und obwohl Schwarz zwei Königstempi weniger hat als in
der 30...Kf6-Variante (siehe oben), sollte er immer noch Remis halten können:}
32. a5 Ra6 33. Kf3 Kf8 $1 (33... Rf6+ $2 34. Ke2 Ra6 35. Kd2 {/\Kc2-b3 usw. +-}
) (33... Kf6 $2 34. Kf4 Ke6 35. Kg5 Ke7 36. f3 Kf8 (36... Kd6 37. g4) 37. Kh6)
34. Kf4 f6 35. g4 (35. f3 Kf7 36. g4 hxg4 37. fxg4 Kf8) 35... hxg4 36. Kxg4 Kf7
37. f4 Ke7 {und Weiß erhält nichts Besseres als in der 30...Kf6-Variante (=).})
32. a5 $18 Rc3 33. a6 d3 ({Nach} 33... Rc8 34. a7 Ra8 35. Kf3 {ist das aktive
weiße Übergewicht spielend leicht durchzusetzen:} Kf6 36. Ke2 Ke6 37. Kd3 Kd6
38. Kxd4 Kc6 39. Ra3 Kb7 (39... f6 40. Ra6+) 40. Kxd5 Rd8+ 41. Ke5 Ka8 42. Kf6
Rd7 43. f4 Rc7 44. Re3) 34. Kf3 $18 {Genau zur rechten Zeit stoppt der weiße
Monarch den feindlichen Freibauern.} Rc2 ({Oder: I} 34... d2+ 35. Ke2 Rd3 36.
Kd1) ({II} 34... Rc1 35. Ke3) 35. Ra4 ({Oder auch 35.Ra3, aber bloß nicht} 35.
Ra5 $4 {wegen} d4 36. a7 Rc1 37. a8=Q d2 $19 {, und Schwarz wäre gar der
lachende Sieger.}) 35... Rc1 ({Ebenfalls scheitern: I} 35... d2 {an} 36. Ke2
Rc8 37. a7 Ra8 38. Kxd2 {usw.}) ({II} 35... d4 {an} 36. a7 (36. Rxd4 $2 Ra2)
36... Rc1 37. a8=Q d2 38. Rxd4) 36. Ke3 Rd1 37. a7 d4+ 38. Kxd4 d2 1-0